平成に消滅・改称した石川県の市町村 - Statistics

General Stats
  • This quiz has been taken 32 times
    31 since last reset
  • The average score is 26 of 32
Answer Stats
変更年月日 変更内容 回答 変更後の市町村 % Correct
2005.02/01 新設合併 松任市 白山市
100%
2005.02/01 新設合併 根上町 能美市
100%
2004.10/01 新設合併 七尾市 七尾市
93%
2005.09/01 新設合併 志賀町 志賀町
93%
2005.10/01 新設合併 加賀市 加賀市
93%
2004.03/01 新設合併 高松町 かほく市
86%
2005.02/01 新設合併 鶴来町 白山市
86%
2005.02/01 新設合併 白峰村 白山市
86%
2005.10/01 新設合併 山中町 加賀市
86%
2006.02/01 新設合併 輪島市 輪島市
86%
2006.02/01 新設合併 門前町 輪島市
86%
2004.03/01 新設合併 七塚町 かほく市
79%
2004.03/01 新設合併 宇ノ気町 かほく市
79%
2004.10/01 新設合併 田鶴浜町 七尾市
79%
2004.10/01 新設合併 中島町 七尾市
79%
2005.02/01 新設合併 美川町 白山市
79%
2005.02/01 新設合併 河内村 白山市
79%
2005.02/01 新設合併 鳥越村 白山市
79%
2005.02/01 新設合併 辰口町 能美市
79%
2005.03/01 新設合併 志雄町 宝達志水町
79%
2005.03/01 新設合併 鹿島町 中能登町
79%
2005.03/01 新設合併 鹿西町 中能登町
79%
2005.03/01 新設合併 内浦町 能登町
79%
2005.09/01 新設合併 富来町 志賀町
79%
2004.10/01 新設合併 能登島町 七尾市
71%
2005.02/01 新設合併 吉野谷村 白山市
71%
2005.03/01 新設合併 押水町 宝達志水町
71%
2005.03/01 新設合併 能都町 能登町
71%
2005.03/01 新設合併 柳田村 能登町
71%
2005.02/01 新設合併 尾口村 白山市
64%
2005.02/01 新設合併 寺井町 能美市
64%
2005.03/01 新設合併 鳥屋町 中能登町
64%
No matching quizzes found
Score Distribution
Percent of People with Each Score
Percentile by Number Answered
Your Score History
You have not taken this quiz since the last reset